| 000 | 00896nam a2200253 a 4500 | ||
|---|---|---|---|
| 001 | BRL_1599 | ||
| 005 | 20190320211300.0 | ||
| 008 | 090414s1995----mx-aob####---#000-0#spa-# | ||
| 041 | _aspa | ||
| 044 | _amx | ||
| 050 | 4 |
_aNK845.G8 _b.A78 1995 |
|
| 245 | 1 | 0 |
_aArtesanías de Guanajuato _cfotografías Lourdes Almeida, Oliverio Ortega y Jaime Padilla. |
| 260 |
_aMéxico _bGobierno del Estado de Guanajuato _c1995 |
||
| 300 |
_a84 p. _bil. , fotografías (a color), mapas _c29 cm. |
||
| 500 | _aAu871 | ||
| 650 | 1 | 4 |
_aArtes decorativas _vExposiciones _zGuanajuato (Estado) _927399 |
| 650 | 1 | 4 |
_aArtesanías _vExposiciones _zGuanajuato (Estado) _927400 |
| 700 | 1 |
_aAlmeida, Lourdes _eil. _927401 |
|
| 700 | 1 |
_aOrtega, Oliverio _eil. _927402 |
|
| 700 | 1 |
_aPadilla, Jaime _eil. _927403 |
|
| 710 | 2 |
_aGobierno del Estado de Guanajuato, Secretaría de Turismo _927404 |
|
| 902 | _aGRL | ||
| 942 |
_2lcc _cB |
||
| 999 |
_c10408 _d10408 |
||